Welcome to WEB OPAC of MRSPTU Central Library

Kethe Hai Admi ?(ਕਿੱਥੇ ਹੈ ਆਦਮੀ?) (Record no. 9984)

MARC details
000 -LEADER
fixed length control field 00462nam a22001577a 4500
003 - CONTROL NUMBER IDENTIFIER
control field OSt
005 - DATE AND TIME OF LATEST TRANSACTION
control field 20240403164811.0
008 - FIXED-LENGTH DATA ELEMENTS--GENERAL INFORMATION
fixed length control field 240403b |||||||| |||| 00| 0 eng d
040 ## - CATALOGING SOURCE
Transcribing agency Central Library MRSPTU
100 ## - MAIN ENTRY--PERSONAL NAME
Personal name Om Parkash Gasso (ਓਮ ਪ੍ਰਕਾਸ਼ ਗਾਸੋ)
245 ## - TITLE STATEMENT
Title Kethe Hai Admi ?(ਕਿੱਥੇ ਹੈ ਆਦਮੀ?)
250 ## - EDITION STATEMENT
Edition statement 1st
260 ## - PUBLICATION, DISTRIBUTION, ETC.
Place of publication, distribution, etc. Barnala
Name of publisher, distributor, etc. Mittar Manda Publication
Date of publication, distribution, etc. 2004
300 ## - PHYSICAL DESCRIPTION
Extent 108
942 ## - ADDED ENTRY ELEMENTS (KOHA)
Source of classification or shelving scheme Dewey Decimal Classification
Koha item type Book
Suppress in OPAC No
Holdings
Withdrawn status Lost status Source of classification or shelving scheme Damaged status Not for loan Collection Home library Current library Date acquired Total checkouts Barcode Date last seen Date last checked out Price effective from Koha item type
    Dewey Decimal Classification     BK MRSPTU Central Library MRSPTU Central Library 04/03/2024 1 G-152 09/19/2024 09/13/2024 04/03/2024 Book

Website Designed and Developed by MRSPTU Central Library Team

E-mail Id: librarian@mrsptu.ac.in